Graph theory

Na minha lista:
Detalhes bibliográficos
Autor principal: Tutte, William Thomas (Author)
Formato: Livro
Idioma:inglês
Publicado em: Reading Addison-Wesley 1984
Colecção:Encyclopedia of Mathematics and its Applications, 21
Assuntos:
Tags: Adicionar Tag
Sem tags, seja o primeiro a adicionar uma tag!

MARC

LEADER 00000nam a2200000 a 4500
001 UCP1041
003 CL-VaPUC
008 990326e19840000US |||||||||||||||||eng|d
082 0 4 |a 511.5  |b TUT  |2 21 
100 0 |a Tutte, William Thomas  |e author  |9 270952 
245 1 0 |a Graph theory 
300 |a 333 p 
942 |c BK 
945 |d 19990326 00:00:00  |a crobeson 
260 |a Reading  |b Addison-Wesley  |c 1984 
650 0 |a Teoría de grafos  |9 269886 
650 0 |a Grafos  |9 344754 
650 7 |a SUBFRAFOS  |2 CL-VaPUC  |9 426781 
650 7 |a TEOREMA DE MENGER  |2 CL-VaPUC  |9 426782 
650 7 |a DIAGRAMAS  |2 CL-VaPUC  |9 338544 
650 0 |a Polinomios  |9 270626 
583 |a last modification  |c 19990326 00:00:00  |k Rodrigo Vera 
490 0 |a Encyclopedia of Mathematics and its Applications, 21 
999 |c 279759  |d 279757 
952 |0 0  |1 0  |4 0  |6 511_500000000000000_TUT_1984  |7 0  |8 A  |9 319537  |a BIBMAT  |b BIBMAT  |d 2019-11-20  |i 1333623  |o 511.5 TUT 1984  |p 1333623  |r 2025-01-07  |w 2019-11-20  |y BK  |k MAT